Nationalkleidung zuordnen - Statistiken

Allgemein
  • Dieses Quiz wurde 153 mal gespielt
  • Das Durchschnittsergebnis liegt bei 10 aus 15
Antwortstatistiken
Bildquiz Antwort % Korrekt
Deutschland
100%
Japan
100%
Schottland
98%
China
95%
Indien
90%
Saudi-Arabien
86%
Mexiko
74%
Russland
55%
Südkorea
48%
Türkei
44%
Peru
43%
Vietnam
39%
Nigeria
37%
Norwegen
36%
Griechenland
9%
Keine übereinstimmenden Quizze gefunden
Verteilung der Resultate
Anzahl Personen mit jedem Resultat
Perzentil nach korrekt beantworteten Fragen
Ihre Resultats-Entwicklung
Sie haben dieses Quiz noch nicht gespielt